|
|
|
|
| LEADER |
00000cam a2200000 a 4500 |
| 001 |
vtls001076800 |
| 003 |
SK-MaSNL |
| 005 |
20260301111109.0 |
| 008 |
240606s1994 xo gr 0000f slo |
| 015 |
|
|
|a SNBA1994/06
|
| 020 |
|
|
|a 8022102814
|q (viazané)
|
| 035 |
|
|
|a SNK000019633
|
| 040 |
|
|
|a SNK
|b slo
|c SNK
|e AACR2
|
| 041 |
1 |
|
|a slo
|h ger
|
| 044 |
|
|
|a xo
|c SK
|
| 072 |
|
7 |
|a 821
|x Literatúry v rôznych jazykoch
|2 konspekt
|
| 080 |
|
|
|a 821(494)-31
|2 2011
|
| 080 |
|
|
|a 821-311.1
|2 2011
|
| 100 |
1 |
|
|a Knittel, John,
|d 1891-1970
|4 aut
|9 42313
|
| 240 |
1 |
0 |
|a El Hakim
|l Slovensky
|
| 245 |
1 |
0 |
|a El Hakim
|c John Knittel ; [z nemeckého originálu El Hakim ... preložil Rudo Brtáň]
|
| 250 |
|
|
|a 3. vyd.
|
| 260 |
|
|
|a Bratislava
|b Smena
|c 1994
|
| 300 |
|
|
|a 294 strán
|c 21 cm
|
| 500 |
|
|
|a Vysvetlivky
|
| 655 |
|
7 |
|a psychologické romány
|2 SNKPH
|9 70762
|
| 655 |
|
7 |
|a švajčiarske romány (nemecky)
|2 SNKPH
|9 70789
|
| 700 |
1 |
|
|a Brtáň, Rudo,
|d 1907-1998
|4 trl
|9 105140
|
| 852 |
|
|
|a Slovenská národná knižnica
|
| 919 |
|
|
|a 80-221-0281-4
|
| 954 |
|
|
|a beletria cudzojazyčná (svetová)
|2 lita
|
| 958 |
|
|
|a RK
|
| 958 |
|
|
|a TL
|
| 958 |
|
|
|a LX
|
| 958 |
|
|
|a OND
|
| 958 |
|
|
|a UP
|
| 999 |
|
|
|c 705488
|d 707418
|
| 952 |
|
|
|a SNK
|b SNK
|y PREZ
|7 0
|p 17A0114621
|o snkSC 86895 D1
|0 0
|1 0
|4 0
|d 1997-12-09
|l 0
|r 2004-12-31 00:00:00
|w 2026-02-23
|